Mujer, Maternidad y Trabajo en Colombia Evolucin̤ legislativa y jurisprudencial con perspectiva de gňero /

Detalles Bibliográficos
Autor principal: Goyes Moreno, Isabel
Formato: eBook
Lenguaje:español
Publicado: Nariǫ : Universidad de Nariǫ, 2011
Materias:
Acceso en línea:Acceso restringido

MARC

LEADER 00000nam a22000007a 4500
005 20120706132522.0
007 cr|||| ||||
008 120706s2011 co |||||s|||| 00||0 spa d
035 |a 6512 
040 |a vLex 
090 |c 3272  |d 3272 
100 1 |a Goyes Moreno, Isabel  
245 1 0 |a Mujer, Maternidad y Trabajo en Colombia  |h [Recurso electrn̤ico] :  |b Evolucin̤ legislativa y jurisprudencial con perspectiva de gňero /  |c Isabel Goyes Moreno  
256 |a Servicio en ln̕ea 
260 |a Nariǫ :  |b Universidad de Nariǫ,  |c 2011 
300 |a 1 recurso electrn̤ico 
506 1 |a Contenido solo disponible en los productos indicados  |d vLex Global   |d vLex Global (Academic Edition, excluding Law Schools)   |d vLex Global (U.S. Academic Edition, Law Schools)   |d vLex Global (U.S. Academic Edition, excluding Law Schools)   |d vLex Global (Academic Edition, Law Schools)  
650 0 4 |a Maternidad  |z Colombia 
650 0 4 |a Mujeres  |x Trabajo  |z Colombia 
650 0 4 |a Legislacin̤  |z Colombia 
650 0 4 |a Jurisprudencia  |z Colombia 
740 0 |a vLex Libros (Servicio en ln̕ea) 
856 4 0 |u http://vlex.com/source/mujer-maternidad-trabajo-colombia-evolucion-legislativa-jurisprudencial-perspectiva-genero-6512  |z Acceso restringido 
942 |c BOOK 
999 0 |a Motherhood 
999 0 |a Women 
999 0 |a Jurisprudence